| 000 | 00768nam a22002057a 4500 | ||
|---|---|---|---|
| 005 | 20100810123759.0 | ||
| 010 | _aENG-99397 | ||
| 020 |
_a9789380116341 _c70.00 |
||
| 035 | _aEN-82929 | ||
| 037 | _bDBAD/PUB | ||
| 082 | _a541.2242 | ||
| 100 |
_aShanmugapriya, M. _910032 |
||
| 245 |
_aBasic concepts of coordination chemistry / _cby M. Shanmugapriya |
||
| 260 |
_aMadurai _bRadha Publications _c2009 |
||
| 270 |
_a4/167, Mullai Steet, Kurinchi Nagar Reserve Line Post, _bMadurai _e625014 |
||
| 300 |
_a120p. _c20cm (pbk) |
||
| 650 |
_aCo-ordination Chemistry _910033 |
||
| 942 |
_2ddc _cEN _h541.2242 _mSHA |
||
| 999 |
_c40617 _d40617 |
||